| 000 | 00671nam a2200289Ia 4500 | ||
|---|---|---|---|
| 005 | 20260324135550.0 | ||
| 008 | 008 260324s9999 xx 000 0 eng d | ||
| 020 | _a9780203135976 | ||
| 037 | _aEBOOK | ||
| 040 | _aCRL | ||
| 040 | _beng | ||
| 040 | _cCRL | ||
| 041 | _2eng | ||
| 041 | _aeng | ||
| 084 | _qCRL | ||
| 100 |
_aHelen Watt _91201079 |
||
| 245 | 0 | _aLife and Death in Healthcare Ethics | |
| 245 | 2 | _bA Short Introduction | |
| 260 | _bTaylor and Francis | ||
| 260 | _c2000 | ||
| 365 | _a | ||
| 365 | _b230 | ||
| 856 | _uhttp://www.taylorfrancis.com/books/9780203135976 | ||
| 942 | _cEBOOK | ||
| 999 |
_c1802281 _d1802281 |
||